01050nam a2200241 450000100060000000300080000600500170001400800410003103500190007204000350009104100080012608200250013410000320015924501110019126000740030230000390037650001190041565000350053465000550056994200130062499900170063795201540065477039BD-RjUL20211209082923.0200217r19841976us a|||||mb|| 00| 0 eng d a(BD-RjUL)77263 aBD-RjULbengcBD-RjULdBD-RjUL aeng 223a658.84bCAO 19841 aCavusgil, Salih Tamer9179210aOrganizational determinants of firms' export behavior : ban empirical analysis /cby Salih Tamer Cavusgil aMichigan:bUniversity Microfilms International, c1976 [Printed 1984] aviii, 195 leaves :bIll. ;c20 cm. a"Originally Presented as the author's Thesis" Thesis (Ph. D.) -- Business, University of Wisconsin--Madison, 1976 aExport marketing. 9239482 aDomestic international sales corporations.9239483 2ddccRAR c77039d77039 00102ddc40718RAREaRUCLbRUCLcRared1985-02-13eDhaka, Tulip Enterprsesg40.65l0oRA 658.84 CAO 1984r2020-02-17 00:00:00tC-1w2020-02-17yRAR